00334nam a2200133Ia 4500008004100000100004000041245003800081250001200119260001500131300000800146650002400154942000700178999001500185190216s9999||||xx |||||||||||||| ||und|| a"David P Shoemaker, Carl W Garland" 0aExperiments In Physical Chemistry a3rd Ed. bNullc1974 a725 aChemistry-Chemistry cBK c2282d2282